Anuário estatístico de Mato Grosso 2009 / (Record no. 1505)

MARC details
000 -LÍDER
Campo Fixo de Controle 00710nam a2200205 a 4500
001 - NÚMERO DE CONTROLE
Campo de Controle 1505
003 - IDENTIFICAÇÃO DO NÚMERO DE CONTROLE
Campo de Controle BR-CuiBMT
005 - DATA E HORA DA ÚLTIMA ATUALIZAÇÃO
Campo de Controle 20231212215548.0
008 - DADOS FIXOS
Dados Fixos 231114s2010 mtba 000 0 por d
040 ## - AGÊNCIA CATALOGADORA
Código da Agência Catalogadora BR-CuiBMT
Agência que transcreveu o registro BR-CuiBMT
080 ## - Nº DA CLASSIFICAÇÃO DECIMAL UNIVERSAL
Nº Class. CDU 338.12
Subd. Auxiliar Comum (817.2)
Nº edição CDU 2007
090 ## - NÚMERO DE CHAMADA
Complemento R
Nº classificação 338.12(817.2)
Cutter M433a
110 1# - ENTRADA PRINCIPAL -- ENTIDADE
Nome da entidade ou lugar Mato Grosso.
Unidade subordinada Secretaria do Estado de Planejamento e Coordenação Geral.
245 10 - TÍTULO PRINCIPAL
Título principal Anuário estatístico de Mato Grosso 2009 /
Indicação de responsabilidade Secretaria do Estado de Planejamento e Coordenação Geral.
260 ## - PUBLICAÇÃO, DISTRIBUIÇÃO, ETC.
Local de publicação Cuiabá :
Editora SEPLAN,
Data 2010.
300 ## - DESCRIÇÃO FÍSICA
N. páginas ou volumes 596 p. ;
Ilustrações il. color. :
Dimensões 30 cm
650 ## - ASSUNTO TÓPICO
Cabeçalho tópico ou nome geográfico Estatísticas
Subdivisão geral Anuários
Subdivisão geográfica Mato Grosso
650 ## - ASSUNTO TÓPICO
Cabeçalho tópico ou nome geográfico Estatísticas
Subdivisão geográfica Mato Grosso
942 ## - ELEMENTOS DE ENTRADA ADICIONAIS (KOHA)
Fonte de classificação ou esquema de arquivamento Classificação Decimal Universal
Tipo de item do Koha Livros
Holdings
Estado: removido Estado: perdido Fonte de classificação ou esquema de arquivamento Estado: danificado Indisponível para empréstimo Localização permanente Localização atual Data de aquisição Total Checkouts Número de Chamada completo Código de barras Date last seen Número do exemplar Preço efetivo a partir de Tipo de item (Koha)
    Classificação Decimal Universal     Biblioteca da Escola Superior de Contas do TCE/MT Biblioteca da Escola Superior de Contas do TCE/MT 12/12/2023   R 338.12(817.2) M433a BIBTCEMT23120422 12/12/2023 Ex. 1 12/12/2023 Livros

Powered by Koha